00543nam a22001697a 4500003000900000008004100009040007100050082002400121100003000145245005700175260002800232300002600260650002100286650002300307650001300330700003000343AR-CdUCM190225b ||||| |||| 00| 0 spa d aMUNICIPALIDAD PROVINCIAL DEL CUSCOcBIBLIOTECA MUNICIPAL DEL CUSCO 21ed.a869.56 /bB84 aBrozovich Mendoza, Raúl aEl duro oficio de vivir /cBrozovich Mendoza, Raúl aCusco :bUNSAAC,c2006. a289 paginas :c21 cm. aPoesias Peruanas aLiteratura Peruana aSiglo XX aBrozovich Mendoza, Raúl